000 00878cam a2200337 4500500
005 20260405003708.0
041 _afre
042 _adc
100 1 0 _aAristote, Aristote
_eauthor
245 0 0 _aPlus belle l’histoire
260 _c2023.
500 _a39
690 _aComplot
690 _aComplotisme
690 _aDonald Trump
690 _aFiction
690 _aHegel
690 _aHistoire
690 _aIlluminati
690 _aJohn Truby
690 _aLuc Boltanski
690 _aLune
690 _aNasa
690 _aPaul Ricœur
690 _aPhilip K. Dick
690 _aRécit
690 _aScénario
690 _aThéorie du complot
786 0 _nPhilosophie magazine | 169 | 5 | 2023-05-01 | p. 21-23 | 1951-1787
856 4 1 _uhttps://shs.cairn.info/magazine-philosophie-magazine-2023-5-page-21?lang=fr&redirect-ssocas=7080
999 _c2069934
_d2069934